Commercial law : (Record no. 5961)
[ view plain ]
| 000 -LEADER | |
|---|---|
| fixed length control field | 00560cam a2200205ua 4500 |
| 008 - FIXED-LENGTH DATA ELEMENTS--GENERAL INFORMATION | |
| fixed length control field | 140219n ii |||gr||||Z||||||eng |
| 040 ## - CATALOGING SOURCE | |
| Transcribing agency | MAIN |
| 082 ## - DEWEY DECIMAL CLASSIFICATION NUMBER | |
| Classification number | 346.07 |
| 245 ## - TITLE STATEMENT | |
| Title | Commercial law : |
| Remainder of title | Including company law / |
| Statement of responsibility, etc. | By Arun kumar Sen . |
| 250 ## - EDITION STATEMENT | |
| Edition statement | 14th rev. ed. |
| 260 ## - PUBLICATION, DISTRIBUTION, ETC. | |
| Place of publication, distribution, etc. | Calcutta: |
| Name of publisher, distributor, etc. | The world press private ltd, |
| Date of publication, distribution, etc. | 1977. |
| 300 ## - PHYSICAL DESCRIPTION | |
| Extent | xv,573p. |
| 700 ## - ADDED ENTRY--PERSONAL NAME | |
| Personal name | Sen,Arun Kumar, |
| Relator term | |
| 700 ## - ADDED ENTRY--PERSONAL NAME | |
| Personal name | Mitra,Jitendra Kumar, |
| Relator term | |
| 942 ## - ADDED ENTRY ELEMENTS (KOHA) | |
| Koha item type | Books |
| 653 ## - INDEX TERM--UNCONTROLLED | |
| Uncontrolled term | Private law |
| 653 ## - INDEX TERM--UNCONTROLLED | |
| Uncontrolled term | Commercial law : |
| 653 ## - INDEX TERM--UNCONTROLLED | |
| Uncontrolled term | Commerce |
| Withdrawn status | Lost status | Damaged status | Not for loan | Home library | Current library | Shelving location | Date acquired | Total Checkouts | Full call number | Barcode | Date last seen | Copy number | Price effective from | Koha item type |
|---|---|---|---|---|---|---|---|---|---|---|---|---|---|---|
| Naharkatiya College Library | Naharkatiya College Library | General Stacks | 19/09/2020 | 346.07 | SEN | 13880 | 19/09/2020 | 1 | 19/09/2020 | Books |
